00989nam a22002777a 45000010005000000030006000050050017000110080041000280200018000690400029000870500009001160820010001251000018001352450066001532600037002193000059002564900035003155050007003505200130003575210018004875210018005056500025005239420015005489990015005639520133005785696FISKH20250114120804.0250114b cb ||||| |||| 00| 0 eng d a9780545855204 aFISKHbengcFISKHdFISKH aPZ7  a636.7 aFeldman, Thea aLet's play / cBy Thea Feldman ; Illustrations by Clare Elsom aNew York : bScholastic, c2016. a20 unnumbered pages : bcolor illustrations ; c19 cm  aPuppy Pals Phonics vBook one  aG  aA box set to get your tail wagging. These dogs are so smart they don’t just fetch sticks. They also help you with phonics. 8 a360 bLexile 8 aG bRaz-Plus  aLanguage Arts vPets 2ddccBKn0 c5696d5696 00102ddc40708JUVFa001b001cTK Green 7-57-60d2025-01-14l0oFEL 636.7 PZ7 p2025-0032r2025-01-14 12:07:19w2025-01-14yBK